000 00509nam a2200169Ia 4500
005 20250710124118.0
008 250710s9999 xx 000 0 und d
020 _a9781890951849
082 _a935
_bBAH
100 _aBahrani, Zainab
245 0 _aRituals of War
260 _bPrinceton University Press
_c2008
300 _a288 pages
500 _aRituals of war and images of violence in Mesopotamia ca. 3000-500 BCE examined as "magical technologies of warfare."
650 _aArt
942 _cENGLISH
999 _c575333
_d575333